LEADER 00788nam0-22002891i-450- 001 990003031790403321 035 $a000303179 035 $aFED01000303179 035 $a(Aleph)000303179FED01 035 $a000303179 100 $a20000920d--------km-y0itay50------ba 101 0 $aita 102 $aIT 200 1 $a<>competitività$fRoberto Cellini, Anna Soci 225 1 $aCollana del Dipartimento di scienze economiche, Università di Bologna$v292 610 0 $aImprese$aCompetitività 676 $aH/2.13 702 1$aCellini,$bRoberto$f<1965- > 702 1$aSoci,$bAnna 801 0$aIT$bUNINA$gRICA$2UNIMARC 901 $aBK 912 $a990003031790403321 952 $aPaper$fSES 959 $aSES 996 $aCompetitività$9464164 997 $aUNINA DB $aING01 LEADER 01372nam2-2200421li-450 001 990000222980203316 005 20180312154828.0 010 $a0-691-02730-7 035 $a0022298 035 $aUSA010022298 035 $a(ALEPH)000022298USA01 035 $a0022298 100 $a20001109d1995----km-y0itay0103----ba 101 0 $aeng 102 $aUS 200 1 $aClassical and quantum 6j-symbols$fJ. Scott Carter, Daniel E. Flath, Masahico Saito 210 $aNew Jersey$cPrinceton University Press$dcopyr. 1995 215 $aVIII, 164 p.$cill.$d24 cm 225 2 $aMathematical notes$v43 410 0$10010022295$12001$aMathematical notes 610 1 $ameccanica quantistica 610 1 $arappresentazione dei gruppi 676 $a53012$9Meccanica quantistica (Teoria dei quanti) 700 1$aCarter,$bJ. Scott$0532851 702 1$aFlath,$bDaniel E. 702 1$aSaito,$bMasahico 801 $aSistema bibliotecario di Ateneo dell' Università di Salerno$gRICA 912 $a990000222980203316 951 $a510 MN (43)$b0019277 CBS$c510$d00111185 959 $aBK 969 $aSCI 979 $c19970122 979 $c20001110$lUSA01$h1714 979 $aALANDI$b90$c20020115$lUSA01$h1219 979 $c20020403$lUSA01$h1630 979 $aPATRY$b90$c20040406$lUSA01$h1616 996 $aClassical and quantum 6j-symbols$9911505 997 $aUNISA